Servisní bezdemontážní měření tepelných výkonů a mechanického stavu chladících zařízení

Bibliographic Details
Main Author: Groda, Bořivoj (Author)
Format: Article
Language:Slovak
PhysicalDescription:Obr. 1., lit. 2 zázn. v češ.
Subjects:

MARC

LEADER 00000nab a2200000 a 4500
001 vtls000211930
003 SK-MaSNL
005 20260302203921.0
008 160201c1984 xo 0 slo
015 |a SNBRA19rr/mm-uuuuu 
035 |a CL0222044 
040 |a SNKBUCL  |b slo  |c SNKBUCL  |e AACR2 
041 0 |a slo 
044 |a xo  |c SK 
080 |a 621.574  |2 1981 
100 1 |a Groda, Bořivoj  |4 aut  |9 454695 
245 1 0 |a Servisní bezdemontážní měření tepelných výkonů a mechanického stavu chladících zařízení  |c Bořivoj Groda 
300 |b Obr. 1., lit. 2 zázn. v češ. 
650 0 7 |a chladiace zariadenia  |2 snkbucl  |9 3524 
655 7 |a články zo zborníkov  |2 snkbucl  |9 166140 
773 0 |t Využitie kondenzačného tepla chladiacich a klimatizačných zariadení  |d Banská Bystrica : Dom techniky ČSVTS, 1984  |g S. 61-67 
850 |a Slovenská národná knižnica v Martine  |a MTA001 
852 |a SNK  |b KIS3GCP 
958 |a RK 
958 |a CZ 
992 |a RZB 
999 |c 1471070  |d 1473000